|
|
|
|
| LEADER |
00000nam0a2200000 4500 |
| 001 |
364379 |
| 005 |
20231102011701.0 |
| 035 |
|
|
|a (RuTPU)RU\TPU\retro\21737
|
| 090 |
|
|
|a 364379
|
| 100 |
|
|
|a 20211115d1981 km y0rusy50 ca
|
| 101 |
1 |
|
|a rus
|c fre
|
| 102 |
|
|
|a RU
|
| 105 |
|
|
|a a z 001zy
|
| 200 |
1 |
|
|a Избранное
|e пер. с фр.
|f Л. Муссинак
|g под ред. Г. Е. Долматовской
|
| 210 |
|
|
|a Москва
|c Искусство
|d 1981
|
| 215 |
|
|
|a 278 с.
|c ил.
|
| 320 |
|
|
|a Комментарии: с. 256-278
|
| 606 |
1 |
|
|a Кино
|2 stltpush
|3 (RuTPU)RU\TPU\subj\14361
|9 40764
|
| 606 |
1 |
|
|a Кинорежиссура
|2 stltpush
|3 (RuTPU)RU\TPU\subj\14377
|9 40778
|
| 610 |
1 |
|
|a киноведение
|
| 610 |
1 |
|
|a советское кино
|
| 610 |
1 |
|
|a документальное кино
|
| 610 |
1 |
|
|a художественные фильмы
|
| 610 |
1 |
|
|a 20 век
|
| 610 |
1 |
|
|a переписка
|
| 610 |
1 |
|
|a очерки
|
| 675 |
|
|
|a 791.43
|v 4
|
| 675 |
|
|
|a 791.44.071.1
|v 4
|
| 700 |
|
1 |
|a Муссинак
|b Л.
|g Леон
|
| 702 |
|
1 |
|a Долматовская
|b Г. Е.
|4 340
|
| 801 |
|
1 |
|a RU
|b 63413507
|c 20211115
|
| 801 |
|
2 |
|a RU
|b 63413507
|c 20211115
|g RCR
|
| 942 |
|
|
|c BK
|